Detalles MARC
| 000 -CABECERA |
| campo de control de longitud fija |
01603nam a2200325 a 4500 |
| 001 - NÚMERO DE CONTROL |
| campo de control |
000046663 |
| 003 - IDENTIFICADOR DEL NÚMERO DE CONTROL |
| campo de control |
DO-SdBNP |
| 005 - FECHA Y HORA DE LA ÚLTIMA TRANSACCIÓN |
| campo de control |
20260304085435.0 |
| 007 - CAMPO FIJO DE DESCRIPCIÓN FÍSICA--INFORMACIÓN GENERAL |
| campo de control de longitud fija |
ta |
| 008 - DATOS DE LONGITUD FIJA--INFORMACIÓN GENERAL |
| campo de control de longitud fija |
091204e2014 dr a gr 001 ebspa d |
| 020 ## - NÚMERO INTERNACIONAL ESTÁNDAR DEL LIBRO |
| Número Internacional Estándar del Libro |
9789945468434 |
| 040 ## - FUENTE DE LA CATALOGACIÓN |
| Centro catalogador/agencia de origen |
DO-SdBNP |
| Lengua de catalogación |
spa |
| Centro/agencia transcriptor |
BNPHU |
| 082 ## - NÚMERO DE LA CLASIFICACIÓN DECIMAL DEWEY |
| Número de clasificación |
923.27293 |
| Número de documento/Ítem |
Sa593G, 2014 |
| 100 1# - ENTRADA PRINCIPAL--NOMBRE DE PERSONA |
| Nombre de persona |
Santana, Osvaldo |
| 9 (RLIN) |
50268 |
| 245 10 - MENCIÓN DE TÍTULO |
| Título |
José Francisco Peña Gómez : |
| Resto del título |
sus orígenes / |
| Mención de responsabilidad, etc. |
Osvaldo Santana ; ilustaciones José Mercader. |
| 250 ## - MENCIÓN DE EDICIÓN |
| Mención de edición |
4a ed. |
| 260 ## - PUBLICACIÓN, DISTRIBUCIÓN, ETC. |
| Lugar de publicación, distribución, etc. |
Santo Domingo : |
| Nombre del editor, distribuidor, etc. |
Tobogán, |
| Fecha de publicación, distribución, etc. |
2014 |
| 300 ## - DESCRIPCIÓN FÍSICA |
| Extensión |
104 p. : |
| Otras características físicas |
il. ; |
| Dimensiones |
21 cm. |
| 490 1# - MENCIÓN DE SERIE |
| Mención de serie |
Biografías Dominicanas Tobogán ; |
| 500 ## - NOTA GENERAL |
| Nota general |
Aprobado por la Secretaría de Estado de Educación, como material de consulta para docentes y estudiantes. |
| 500 ## - NOTA GENERAL |
| Nota general |
Incluye datos biográficos del autor en la solapa de la contracubierta. |
| 505 ## - NOTA DE CONTENIDO CON FORMATO |
| Nota de contenido con formato |
Presentación. |
| Título |
Un orígen ligado a la matanza de haitianos.-- |
| -- |
Peña Gómez nació en el Flaco.-- |
| -- |
Los padres carnales de Peña Gómez.-- |
| -- |
El niño José Francisco llega a Mao.-- |
| -- |
Mría L. Núñez bautizó a Peña Gómez.-- |
| -- |
Peña Gómez inicia sus estudios.-- |
| -- |
Incierto origen y destino de los padres de Peña Gómez.-- |
| -- |
Peña no sabía que ocurrió a sus padres.-- |
| -- |
Peña Gómez fue limpiabotas.-- |
| -- |
Síntesis de vida. |
| 590 ## - NOTA LOCAL (RLIN) |
| Nota local |
Inventariado, 2018/ YL |
| 600 10 - PUNTO DE ACCESO ADICIONAL DE MATERIA--NOMBRE DE PERSONA |
| Nombre de persona |
Peña Gomez, Jose Francisco , |
| Fechas asociadas al nombre |
1937-1998 |
| 9 (RLIN) |
2994 |
| 650 #4 - PUNTO DE ACCESO ADICIONAL DE MATERIA--TÉRMINO DE MATERIA |
| Término de materia o nombre geográfico como elemento de entrada |
Políticos |
| Subdivisión geográfica |
República Dominicana |
| 9 (RLIN) |
1349 |
| 651 #4 - PUNTO DE ACCESO ADICIONAL DE MATERIA--NOMBRE GEOGRÁFICO |
| Nombre geográfico |
República Dominicana |
| Subdivisión general |
Historia |
| 9 (RLIN) |
170 |
| 700 1# - PUNTO DE ACCESO ADICIONAL--NOMBRE DE PERSONA |
| Nombre de persona |
Mercader, José |
| Término indicativo de función/relación |
il. |
| 9 (RLIN) |
56560 |
| 830 #0 - PUNTO DE ACCESO ADICIONAL DE SERIE-TÍTULO UNIFORME |
| Título uniforme |
Biografías Dominicanas Tobogán |
| 9 (RLIN) |
769 |
| 942 ## - ELEMENTOS DE PUNTO DE ACCESO ADICIONAL (KOHA) |
| Fuente del sistema de clasificación o colocación |
Dewey Decimal Classification |
| Tipo de ítem Koha |
Libro |